The Stonewall brigade /

Saved in:
Bibliographic Details
Main Author: Slaughter, Frank G. (Frank Gill), 1908-
Format: Book
Language:English
Published: London : Hutchinson, 1976.
Subjects:
LEADER 00984nam a2200253 i 4500
001 c000077471
003 CARM
005 00000000000000.0
008 760820r19761975enkb 00011beng d
015 |a B7625382 
019 1 |a 3520936  |z 43692017  |5 LACONCORD2021 
020 |a 0091262100 :  |c L.4.25 
035 |a (OCoLC)59078802  |5 LACONCORD2021 
100 1 |a Slaughter, Frank G.  |q (Frank Gill),  |d 1908- 
245 1 4 |a The Stonewall brigade /  |c Frank G. Slaughter. 
260 |a London :  |b Hutchinson,  |c 1976. 
300 |a 352 p. :  |b 1map(on lining papers) ;  |c 23cm. 
500 |a Fiction in English, 1900-. Texts (BNB/PRECIS) 
500 |a Originally published: Garden City, N.Y. : Doubleday, 1975. 
650 0 |a English fiction. 
852 8 |b CARM  |h A2:AB02B0  |i B02914  |p 0134314  |f BK 
082 0 4 |a 823/.9/1  |2 18 
999 f f |i 66a2e6f1-e66f-515f-8a60-05a41b377c38  |s 5864d6d3-9fa5-55d1-9983-825cf8277705 
952 f f |p Can circulate  |a CAVAL  |b CAVAL  |c CAVAL  |d CARM 1 Store  |e B02914  |f A2:AB02B0  |h Other scheme  |i book  |m 0134314